00346 a2200145 450000100060000002000150000604000240002110000280004524000380007324500330011130000080014436200090015244000080016165000310016969382 a8532246257 cAnchieta - Itaigara aLaurito, Ilka Brunhilde10aA menina que fez a Américalpor10aA menina que fez a América a1110 a2002 1aFTD 4aLiteratura infanto-juvenil